00559nam a2200181 i 4500001000300000245012200003260004600125300002100171650002000192650003100212655001600243700003000259020001500289040000800304041001100312080001300323008004100336bg00aReklama i media w Polsce'99 =bAdversting and media in Poland'98 : reklama /c[zesp. red. Piotr R. Jankowski et al.]. aWarszawa :bMerkuriusz Polski,ccop.1999. a413 s. ;c29 cm. 9aReklamazPolska 9aSˁrodki masowego przekazu aInformatory1 aJANKOWSKI, Piotr J.eRed. a8391210812 cBPK aplben a659(058) s pl f |000 0 pol